History Quiz

Random History or Alphabet Quiz

-lphabetized: Explorers Quiz Stats

 Plays Quiz not verified by Sporcle

Score 0/12 Timer 03:00
0 Plays Today
Question Answer Wrong Answers
1st -lexander von Humboldt
83.3%
-eorge Lowe
2.2%
-ohn Forrest
2.9%
-oald Amundsen
3.3%
1st -lexander Forrest
82.4%
-ridtjob Nansen
3.3%
-ohn Cabot
3.1%
-ichard E. Byrd
2%
4th -illiam Beebe
82%
-erdinand Magellan
4.2%
-ohn Bicknell Auden
1.8%
-er Wimmer
2.9%
4th -illiam Clark
81.5%
-rancisco Moreno
3.7%
-ohn C. Frémont
2.9%
-anulph Fiennes
3.5%
1st -lfred Russell Wallace
80.7%
-iosafat Barbaro
3.7%
-ohn Wesley Powell
4%
-obert Falcon Scott
2.2%
2nd -enry Walter Bates
77.6%
-harles Rabot
7%
-arcel Ichac
2.9%
-ylvia Earle
3.1%
3rd -atthew Flinders
77.6%
-dmund Hillary
2.6%
-acques Cartier
6.6%
-mberto Nobile
4.2%
4th -esley Skiles
77.4%
-rnest Shackleton
4.2%
-ean-Michel Cousteau
1.8%
-tto von Kotzebue
9.7%
2nd -enry Hudson
74.1%
-natoly Sagalevitch
6.8%
-oseph Thomson
6.2%
-acagawea
2.4%
3rd -eriwether Lewis
73.4%
-mil Racoviță
5.3%
-ames Cook
7%
-asco da Gama
3.5%
3rd -artin Frobisher
70.5%
-hristopher Columbus
3.7%
-bn Battuta
7.5%
-homas Charles Lethbridge
7.9%
2nd -enry Morton Stanley
51.9%
-arry Bishop
11%
-uan Ponce de León
21.1%
-ven Hedin
6.4%

You're not logged in!

Compare scores with friends on all Sporcle quizzes.
OR
Log In

Show Comments

Extras

Top Quizzes Today


Score Distribution

Your Account Isn't Verified!

In order to create a playlist on Sporcle, you need to verify the email address you used during registration. Go to your Sporcle Settings to finish the process.

Report this User

Report this user for behavior that violates our Community Guidelines.

Details: